Govt. of
Madhya Pradesh

Recent Trends in Historical Studies (Record no. 42609)

MARC details
000 -LEADER
fixed length control field 005090000a22001810004500
003 - CONTROL NUMBER IDENTIFIER
control field MACL
005 - DATE AND TIME OF LATEST TRANSACTION
control field 20151003133013.0
008 - FIXED-LENGTH DATA ELEMENTS--GENERAL INFORMATION
fixed length control field 151003b xxu||||| |||| 00| 0 eng d
040 ## - CATALOGING SOURCE
Original cataloging agency MACL
Transcribing agency MACL
041 ## - LANGUAGE CODE
Language code of text/sound track or separate title English
082 ## - DEWEY DECIMAL CLASSIFICATION NUMBER
Classification number 900/RED
100 ## - MAIN ENTRY--PERSONAL NAME
Personal name Satyanarayana, Prof A
9 (RLIN) 13439
245 ## - TITLE STATEMENT
Title Recent Trends in Historical Studies
Remainder of title Festschrift to Professor Ravula Soma Reddy
260 ## - PUBLICATION, DISTRIBUTION, ETC. (IMPRINT)
Name of publisher, distributor, etc. Research India Press
Date of publication, distribution, etc. 2005
Place of publication, distribution, etc. New Delhi
350 ## - PRICE (NR) (BK AM CF MU VM SE) [OBSOLETE]
Price 2100
650 ## - SUBJECT ADDED ENTRY--TOPICAL TERM
Topical term or geographic name as entry element History
9 (RLIN) 13440
942 ## - ADDED ENTRY ELEMENTS (KOHA)
Koha item type Books
Call number prefix 900/RED
Source of classification or shelving scheme
Holdings
Withdrawn status Lost status Source of classification or shelving scheme Damaged status Not for loan Home library Current library Date acquired Cost, normal purchase price Total Checkouts Full call number Barcode Date last seen Uniform Resource Identifier Price effective from Koha item type
          MACL MACL 15/04/2015 2100.00   900/RED CRE023679 02/05/2024 42886 15/04/2015 Books